Układ okresowy pierwiastków - pierwsze 20 pierwiastków - Statystyki

Ogólne statystyki
  • Ten quiz został rozwiązany 2 626 razy
  • Średni wynik to 18 z 20
Statystyki odpowiedzi
Symbol Pierwiastek % Poprawnych
Mg Magnez
100%
H Wodór
99%
Li Lit
96%
K Potas
96%
O Tlen
96%
C Węgiel
94%
Be Beryl
92%
S Siarka
92%
Na Sód
91%
Ca Wapń
91%
N Azot
90%
Cl Chlor
89%
He Hel
88%
F Fluor
84%
P Fosfor
84%
Ar Argon
83%
Si Krzem
82%
Al Glin
81%
Ne Neon
72%
B Bor
69%
Nie znaleziono quizów pasujących do podanych kryteriów
Rozkład punktacji
Procent ludzi z każdym wynikiem
Percentyl według liczby udzielonych odpowiedzi
Twoja historia wyników
Nie rozwiązałeś tego quizu